Matemàtica recreativa / Lluís Segarra
Descripción Física:
116 f. : il. ; 30 cm
Materias:
Matemàtica recreativa
MARC
| LEADER | 00000nam a2200000Ia 4500 | ||
|---|---|---|---|
| 001 | 2010 | ||
| 008 | 160829s9999 xx 000 0 cat d | ||
| 080 | |a C-1-47 | ||
| 100 | |a Segarra, Lluís |9 19641 | ||
| 245 | |a Matemàtica recreativa / Lluís Segarra | ||
| 260 | |a Barcelona : |b Diputació de Barcelona. Servei d' Ensenyament i Investigació, [198 - ?] | ||
| 300 | |a 116 f. : |b il. ; |c 30 cm | ||
| 650 | |a Matemàtica recreativa |9 37105 | ||
| 710 | 1 | |a Barcelona (Catalunya : Província). |b Servei d'Ensenyament i Investigació |9 54366 | |
| 901 | |a Arxiu | ||
| 942 | |n 1 | ||
| 952 | |0 0 |1 0 |4 0 |6 C147 |7 1 |9 47657 |a Arxiu |b Arxiu |d 2016-12-01 |l 0 |o C-1-47 |p 2010 |r 2016-12-01 00:00:00 |w 2016-12-01 |y ARXIU | ||
| 999 | |c 51456 |d 51456 | ||